Digimon Adventures Villians (By Description) - Statistics

General Stats
  • This quiz has been taken 442 times
    418 since last reset
  • The average score is 8 of 14
Answer Stats
Hint Villain % Correct
Controls Digimon with Black Gears Devimon
91%
Second of the Dark Masters. (A little wooden) Puppetmon
90%
Elvis Monkey (Later evolves) Etemon
89%
First of the Dark Masters. (Water) MetalSeadramon
89%
Leader of the Dark Masters. (Clown) Piedmon
87%
Looks like a vampire (Gatomon was his servant) Myotismon
85%
Third of the Dark Masters. (Metal) Machinedramon
78%
Giant bird that fights Greymon Parrotmon
68%
Combination of other Digi-Villains Apocalymon
52%
Willis accidently created this internet fiend Diaboromon
42%
Child being controlled by the Dark Spore Digimon Emperor
33%
Virus form of Willis's partner, Kokomon Wendigomon
21%
King of the Dark Ocean Dragomon
18%
Responsible for the Dark Spore infecting children Millenniummon
2%
No matching quizzes found
Score Distribution
Percent of People with Each Score
Percentile by Number Answered
Your Score History
You have not taken this quiz since the last reset